Statistics for Famous statues image quiz

Click here to take the quiz!

General Stats

  • This quiz has been taken 78 times
  • The average score is 6 of 16

Answer Stats

Answer% Correct
Statue of Liberty
92%
Little Mermaid
75%
Great Sphinx of Giza
62%
Christ the Redeemer
55%
David
55%
Firdos Square Statue
45%
Moai
36%
Venus de Milo
34%
The Angel of the North
32%
Colossus of Rhodes
25%
Statue of Justice
15%
The Motherland Calls
11%
Mansu Hill Grand Monument
9%
Spring Temple Buddha
4%
Neutrality Monument
2%
Shaftesbury Memorial Fountain
2%

Score Distribution

Percentile by Number Answered

Percent of People with Each Score

Your Score History

You have not taken this quiz